000 00225 a2200097 4500
001 37955
100 _aLynch U M
245 _aThe politics of untouchability
260 _aUSA
_bColumbia University
_c
090 _c24134
_d24134
942 _aNUST-CAE
_cM
_c15708
999 _c273028
_d273028